000 00629nam a2200193Ii 4500
003 JO-AjNU
008 230605s9999||||xx |||||||||||||| ||und||
040 _aJO-AjNU
_bara
_erda
_cJO-AjNU
041 _aara
050 1 4 _aNC590.M8242
100 3 _aحميد ,موفق تأليف,
_eauthor
_99004
245 0 0 _aكيف نرسم:الظلال والأضواء
264 3 1 _aبيروت:المكتبة الحديثة للطباعة والنشر
300 _a80ص
336 _atext
_btxt
_2rdacontent
337 _aunmediated
_bn
_2rdamedia
338 _avolume
_bnc
_2rdacarrier
650 4 _aالرسم-كيف نرسم-فنون
_99005
999 _aA1078
_c4646
_d4646